[Event "OLOA 1920 SK König Plauen II - SG AE M"]
[Site "?"]
[Date "2020.02.29"]
[Round "8.5"]
[White "Windelband, Jens"]
[Black "Hoerr, Christian"]
[Result "1-0"]
[WhiteElo "2128"]
[BlackElo "1910"]
[PlyCount "55"]
[EventDate "2020.??.??"]
[EventType "team-tourn"]

{[%evp 0,34,24,24,15,-13,26,23,32,24,52,54,48,48,50,33,38,25,47,36,15,17,13,13,
12,0,-2,3,3,32,57,9,-14,-9,15,11,27]} 1. d4 d5 2. c4 dxc4 3. Nf3 Nf6 4. e3 e6
5. Bxc4 c5 6. O-O a6 7. Bb3 b5 8. a4 c4 9. Bc2 Bb7 10. axb5 axb5 11. Rxa8 Bxa8
12. Na3 Bxa3 13. bxa3 O-O 14. Bd2 Be4 15. Bb4 Re8 16. Ne5 Na6 17. Bxe4 Nxb4 18.
Bxh7+ Kxh7 19. axb4 Qe7 20. f4 Kg8 21. g4 Qxb4 22. g5 Ne4 23. Qh5 Rf8 24. g6
fxg6 25. Nxg6 Nd2 26. Qh8+ Kf7 27. Ne5+ Ke8 28. Qh5+ 1-0

[Event "OLOA 1920 SK König Plauen II - SG AE M"]
[Site "?"]
[Date "2020.02.29"]
[Round "8.6"]
[White "Merkel, Toni"]
[Black "Sieber, Martin"]
[Result "1-0"]
[WhiteElo "1910"]
[BlackElo "1915"]
[PlyCount "73"]
[EventDate "2020.??.??"]
[EventType "team-tourn"]

{[%evp 0,30,24,23,37,36,36,28,28,17,-22,-14,6,-11,29,21,5,-2,7,-26,41,-30,0,11,
9,8,17,17,15,5,3,-6,23]} 1. e4 e6 2. d4 d5 3. e5 c5 4. c3 Nc6 5. Nf3 Qb6 6. a3
Nh6 7. b4 cxd4 8. cxd4 Nf5 9. Bb2 Bd7 10. Be2 Rc8 11. O-O Be7 12. Qd3 Na5 13.
Nbd2 Nc4 14. Nxc4 dxc4 15. Qd2 Qc6 16. Rfc1 b5 17. a4 a6 18. Ne1 Qb7 19. axb5
axb5 20. Bf3 Bc6 21. Bxc6+ Qxc6 22. Ra7 h5 23. h3 Rh6 24. Bc3 Rg6 25. Qe2 h4
26. Rca1 Qd5 27. Qh5 Qe4 28. Qf3 Qxf3 29. Nxf3 Rb8 30. Nd2 Bd8 31. Ra8 Rb7 32.
Ne4 Rd7 33. Rb8 Ke7 34. Nc5 Rc7 35. Raa8 Rxc5 36. bxc5 Bc7 37. Rb7 1-0

[Event "OLOA 1920 SK König Plauen II - SG AE M"]
[Site "?"]
[Date "2020.02.29"]
[Round "8.7"]
[White "Heyne, Jan-Hendrik"]
[Black "Franz, Tobias"]
[Result "1/2-1/2"]
[WhiteElo "1842"]
[BlackElo "1843"]
[PlyCount "77"]
[EventDate "2020.??.??"]
[EventType "team-tourn"]

1. e4 e5 2. Nf3 Nf6 3. Nxe5 d6 4. Nf3 Nxe4 5. Nc3 Nxc3 6. dxc3 Nc6 7. Be3 Be7
8. Qd2 Be6 9. O-O-O Qd7 10. Bd3 O-O-O 11. Rhe1 Kb8 12. Ng5 Bxg5 13. Bxg5 f6 14.
Be3 Ne5 15. b3 Nxd3+ 16. Qxd3 Bf5 17. Qd4 b6 18. a4 Rhe8 19. a5 Qb5 20. axb6
axb6 21. Kb2 Kb7 22. c4 Qe5 23. Qxe5 Rxe5 24. Bd4 Ree8 25. f3 Bg6 26. h4 Rxe1
27. Rxe1 Re8 28. Rxe8 Bxe8 29. Kc3 Kc6 30. g4 h5 31. Kd2 hxg4 32. fxg4 Bd7 33.
g5 fxg5 34. hxg5 g6 35. Ke3 Bf5 36. c3 d5 37. cxd5+ Kxd5 38. c4+ Kc6 39. Bf6
1/2-1/2

[Event "OLOA 1920 SK König Plauen II - SG AE M"]
[Site "?"]
[Date "2020.02.29"]
[Round "8.8"]
[White "Graf, Lucas"]
[Black "Willberg, Frank"]
[Result "0-1"]
[WhiteElo "1876"]
[BlackElo "1870"]
[PlyCount "64"]
[EventDate "2020.??.??"]
[EventType "team-tourn"]

{[%evp 0,35,24,23,21,55,49,55,81,46,53,51,73,65,72,50,50,63,90,-51,-16,-9,65,
31,49,45,47,32,27,-6,-6,-6,-6,-54,-3,-28,-34,-18]} 1. e4 d5 2. exd5 Qxd5 3. Nc3
Qa5 4. d4 Nf6 5. Bc4 Bg4 6. f3 Bf5 7. g4 Bg6 8. h4 h6 9. Bd3 Bxd3 10. Qxd3 c6
11. Bd2 Nbd7 12. Nge2 e6 13. O-O-O O-O-O 14. Kb1 Ne5 15. Qe3 Nc4 16. Qf2 Qb6
17. Na4 Nxd2+ 18. Rxd2 Qa5 19. Nac3 Nd5 20. Rdd1 Bb4 21. Nxd5 Qxd5 22. Nf4 Qd6
23. c3 Qxf4 24. cxb4 Rd5 25. Rhe1 Rhd8 26. Re4 Qd6 27. a3 f5 28. Re2 Rxd4 29.
Rde1 Rd1+ 30. Rxd1 Qxd1+ 31. Ka2 Rd3 32. Re1 Rxf3 0-1

[Event "OLOA 1920 SG G-W Dresden - SG Leipzig I"]
[Site "?"]
[Date "2020.03.01"]
[Round "9.1"]
[White "Boehnisch, Manfred"]
[Black "Zwahr, Paul"]
[Result "1/2-1/2"]
[WhiteElo "2246"]
[BlackElo "2278"]
[PlyCount "45"]
[EventDate "2020.??.??"]
[EventType "team-tourn"]

{[%evp 0,35,30,34,16,26,25,24,18,14,0,-1,-1,-1,58,3,3,-18,-14,-11,26,27,70,29,
29,19,21,16,24,16,16,0,-27,-20,-27,-26,-36,-29]} 1. e4 e5 2. Nf3 Nc6 3. Nc3 Nf6
4. Bb5 Nd4 5. Ba4 c6 6. O-O a5 7. Bb3 d6 8. Nxd4 exd4 9. Ne2 Nxe4 10. Nxd4 d5
11. d3 Nc5 12. c3 Nxb3 13. axb3 Be7 14. b4 O-O 15. Qf3 Bd7 16. bxa5 Rxa5 17.
Rxa5 Qxa5 18. Nf5 Bf6 19. Nh6+ Kh8 20. Ng4 Bxg4 21. Qxg4 Qd8 22. d4 Re8 23. Be3
1/2-1/2

[Event "OLOA 1920 SG G-W Dresden - SG Leipzig I"]
[Site "?"]
[Date "2020.03.01"]
[Round "9.2"]
[White "Rudolf, Sebastian"]
[Black "Dietze, Frank"]
[Result "1-0"]
[WhiteElo "2305"]
[BlackElo "2066"]
[PlyCount "75"]
[EventDate "2020.??.??"]
[EventType "team-tourn"]

1. e4 c5 2. Nf3 Nc6 3. Bb5 e6 4. Bxc6 bxc6 5. b3 d6 6. e5 dxe5 7. Bb2 f6 8. d3
Nh6 9. O-O Be7 10. Re1 O-O 11. Nbd2 g5 12. Ne4 Rf7 13. Nfd2 Nf5 14. Ba3 Qf8 15.
Nc4 Nd4 16. Qd2 Nb5 17. Bb2 Rb8 18. a4 Nd4 19. Ba3 f5 20. Nxe5 fxe4 21. Nxf7
exd3 22. Nxg5 Qg7 23. Qxd3 Qxg5 24. Re3 Qf5 25. Re4 Bd6 26. Rxd4 Bxh2+ 27. Kxh2
Qe5+ 28. Qg3+ Qxg3+ 29. Kxg3 cxd4 30. Rd1 e5 31. Bd6 Rb7 32. Bxe5 Bf5 33. Rc1
d3 34. cxd3 Rxb3 35. Rxc6 Rxd3+ 36. f3 Ra3 37. Ra6 Bc2 38. a5 1-0

[Event "OLOA 1920 SG G-W Dresden - SG Leipzig I"]
[Site "?"]
[Date "2020.03.01"]
[Round "9.3"]
[White "Schunk, Thomas"]
[Black "Genkin, Michael"]
[Result "0-1"]
[WhiteElo "2152"]
[BlackElo "2273"]
[PlyCount "138"]
[EventDate "2020.??.??"]
[EventType "team-tourn"]

1. c4 Nf6 2. Nc3 g6 3. g3 Bg7 4. Bg2 O-O 5. d4 d6 6. Nf3 c6 7. O-O Bf5 8. h3
Ne4 9. Nd2 Nxc3 10. bxc3 e5 11. Nb3 Na6 12. Ba3 Re8 13. e4 Bc8 14. Qd3 c5 15.
Rad1 Qe7 16. Rfe1 b6 17. f4 Rb8 18. Kh2 Bb7 19. d5 exf4 20. gxf4 Qh4 21. Bc1
Bc8 22. Bd2 f5 23. e5 dxe5 24. d6 Be6 25. fxe5 Qxc4 26. Qxc4 Bxc4 27. d7 Red8
28. Bg5 Nc7 29. Bxd8 Rxd8 30. Bc6 Kf7 31. Nd2 Be6 32. Nf3 h6 33. Rd2 Ke7 34. h4
Bxd7 35. Red1 Bxc6 36. Rxd8 Ne6 37. R8d3 c4 38. Rd5 Nf4 39. Rd6 Bxf3 40. Rd7+
Ke6 41. R1d6+ Kxe5 42. Kg3 Be4 43. Rd2 Bd3 44. Rxa7 Ke4 45. Rxg7 Nh5+ 46. Kf2
Nxg7 47. Rb2 Ne6 48. Rxb6 Ke5 49. a4 g5 50. a5 gxh4 51. a6 Be4 52. a7 h3 53.
Kg3 Bg2 54. Rb5+ Kf6 55. Rb2 f4+ 56. Kh2 Nc7 57. Rb1 Bd5 58. Kxh3 Ke5 59. Rb6
Ke4 60. Rxh6 Nb5 61. Ra6 Nxc3 62. a8=Q Bxa8 63. Rxa8 Ne2 64. Kg4 c3 65. Rc8 Kd3
66. Rd8+ Nd4 67. Kxf4 c2 68. Rc8 Ne2+ 69. Kf3 Nc3 0-1

[Event "OLOA 1920 SG G-W Dresden - SG Leipzig I"]
[Site "?"]
[Date "2020.03.01"]
[Round "9.4"]
[White "Zimmermann, Rene"]
[Black "Fasshauer, Jacob"]
[Result "1/2-1/2"]
[WhiteElo "2200"]
[BlackElo "2119"]
[PlyCount "42"]
[EventDate "2020.??.??"]
[EventType "team-tourn"]

{[%evp 0,20,18,-14,-32,-17,-17,-17,1,-8,-19,-12,23,3,7,5,2,-5,10,-19,-22,3,8]} 
1. f4 Nf6 2. Nf3 e6 3. e3 b6 4. b3 Bb7 5. Bb2 d6 6. Be2 Be7 7. O-O O-O 8. Qe1
Nd5 9. Qg3 Bf6 10. c3 Ne7 11. Qh3 Nd7 12. d4 Re8 13. Nbd2 e5 14. Bd3 Ng6 15.
Ne4 exf4 16. Nxf6+ Nxf6 17. Bxg6 hxg6 18. exf4 Re2 19. Rf2 Qe7 20. Raf1 Re8 21.
Bc1 Rxf2 1/2-1/2

[Event "OLOA 1920 SG G-W Dresden - SG Leipzig I"]
[Site "?"]
[Date "2020.03.01"]
[Round "9.5"]
[White "Roemling, Sven"]
[Black "Gehmlich, Marcel"]
[Result "1/2-1/2"]
[WhiteElo "2181"]
[BlackElo "2197"]
[PlyCount "47"]
[EventDate "2020.??.??"]
[EventType "team-tourn"]

{[%evp 0,17,18,15,57,1,60,65,73,58,57,23,43,43,34,1,1,1,13,-23]} 1. Nf3 c5 2.
g3 b6 3. Bg2 Bb7 4. O-O Nf6 5. d3 e6 6. e4 d6 7. c4 Be7 8. Nc3 O-O 9. Re1 a6
10. a3 Nc6 11. Rb1 Nd7 12. h3 Bf6 13. Nh2 Qc7 14. Ng4 Bd4 15. Ne2 Rae8 16. Bf4
Kh8 17. b4 f5 18. Ne3 fxe4 19. bxc5 Nxc5 20. dxe4 Bxe3 21. Bxe3 Ne5 22. Bxc5
Qxc5 23. Qd4 Qxd4 24. Nxd4 1/2-1/2

[Event "OLOA 1920 SG G-W Dresden - SG Leipzig I"]
[Site "?"]
[Date "2020.03.01"]
[Round "9.6"]
[White "Schnoor, Ekkehard"]
[Black "Limpert, Michael"]
[Result "1-0"]
[WhiteElo "2107"]
[BlackElo "2128"]
[PlyCount "63"]
[EventDate "2020.??.??"]
[EventType "team-tourn"]

1. Nf3 d5 2. g3 e6 3. Bg2 Nf6 4. O-O Be7 5. d3 b6 6. Nbd2 Bb7 7. e4 c5 8. h4
O-O 9. e5 Nfd7 10. Re1 Nc6 11. Nf1 Re8 12. N1h2 Bf8 13. Bh3 Qc7 14. Bf4 Ne7 15.
h5 d4 16. Ng4 Nd5 17. Bd2 b5 18. h6 g6 19. a4 bxa4 20. Ng5 Be7 21. Bg2 N5b6 22.
Bxb7 Qxb7 23. Ne4 Nd5 24. Bc1 Qc7 25. Bg5 Qd8 26. Bxe7 Qxe7 27. Rxa4 f5 28.
exf6 N5xf6 29. Ra6 Nxe4 30. Rxe4 Nf6 31. Rexe6 Qxe6 32. Nxf6+ 1-0

[Event "OLOA 1920 SG G-W Dresden - SG Leipzig I"]
[Site "?"]
[Date "2020.03.01"]
[Round "9.7"]
[White "Greger, Ubald"]
[Black "Hutsch, Oliver"]
[Result "1-0"]
[WhiteElo "2114"]
[BlackElo "2143"]
[PlyCount "51"]
[EventDate "2020.??.??"]
[EventType "team-tourn"]

{[%evp 0,31,25,25,70,65,74,80,71,-1,14,39,12,-10,24,-42,88,96,142,142,135,133,
267,207,426,309,292,303,577,486,486,260,468,379]} 1. e4 c6 2. d4 d5 3. exd5
cxd5 4. c4 Nf6 5. Nc3 Nc6 6. Bg5 Be6 7. Be2 Qb6 8. Bxf6 exf6 9. cxd5 Qxb2 10.
Nb5 Bb4+ 11. Kf1 O-O-O 12. Rb1 Qd2 13. dxc6 bxc6 14. Nxa7+ Kd7 15. Nxc6 Kxc6
16. Qa4+ Kd6 17. Qxb4+ Qxb4 18. Rxb4 Rc8 19. g3 Rc1+ 20. Kg2 f5 21. h3 Re8 22.
Bf3 Bc4 23. Rb6+ Kc7 24. Rc6+ Kd7 25. Ne2 Rxh1 26. Rxc4 1-0

[Event "OLOA 1920 SG G-W Dresden - SG Leipzig I"]
[Site "?"]
[Date "2020.03.01"]
[Round "9.8"]
[White "Kunze, Christopher"]
[Black "Haufe, Laurin"]
[Result "1/2-1/2"]
[WhiteElo "2121"]
[BlackElo "2026"]
[PlyCount "90"]
[EventDate "2020.??.??"]
[EventType "team-tourn"]

1. e4 c5 2. Nc3 Nc6 3. g3 g6 4. Bg2 Bg7 5. d3 d6 6. f4 e6 7. Nf3 Rb8 8. Be3 Nd4
9. O-O Ne7 10. e5 Nef5 11. Bf2 Nxf3+ 12. Qxf3 O-O 13. Rfe1 b6 14. g4 Nd4 15.
Qd1 dxe5 16. fxe5 Bb7 17. Bg3 Kh8 18. Ne4 Bxe4 19. Rxe4 Qc7 20. Qd2 Rbd8 21.
Rae1 Rd7 22. Bh4 Kg8 23. Bf6 Nc6 24. R4e3 h6 25. Rh3 g5 26. Bxc6 Qxc6 27. Rh5
Bxf6 28. exf6 Qf3 29. Rxg5+ Kh8 30. Re3 Qxf6 31. Rh3 Rd4 32. Rh4 Rd5 33. Rgh5
Rxh5 34. Rxh5 Kh7 35. g5 Rg8 36. h4 Qd4+ 37. Kf1 Rg6 38. Qe2 Qxb2 39. Qf3 Qc1+
40. Kg2 Qxc2+ 41. Kh3 Qc3 42. Qxf7+ Qg7 43. Qf3 Kg8 44. gxh6 Rxh6 45. Qa8+ Kh7
1/2-1/2

[Event "OLOA 1920 FVS ASP Hoyerswerda - SG 1871"]
[Site "?"]
[Date "2020.03.01"]
[Round "9.1"]
[White "Pallas, Sebastian"]
[Black "Bures, Jaroslav"]
[Result "1/2-1/2"]
[WhiteElo "2313"]
[BlackElo "2380"]
[PlyCount "70"]
[EventDate "2020.??.??"]
[EventType "team-tourn"]

{[%evp 0,15,20,18,81,74,74,41,40,54,42,28,49,57,57,31,45,25]} 1. e4 c6 2. d4 d5
3. Nc3 dxe4 4. Nxe4 Bf5 5. Ng3 Bg6 6. h4 h6 7. Nf3 e6 8. Ne5 Bh7 9. Bd3 Bxd3
10. Qxd3 Nd7 11. Bf4 Nxe5 12. Bxe5 Qa5+ 13. c3 O-O-O 14. Bf4 Nf6 15. O-O Bd6
16. Bxd6 Rxd6 17. Ne4 Nxe4 18. Qxe4 Qh5 19. Rfe1 g5 20. g3 gxh4 21. Qxh4 Qxh4
22. gxh4 Rd5 23. f3 c5 24. Re4 cxd4 25. Rxd4 Rxd4 26. cxd4 Kd7 27. Rc1 Rc8 28.
Rxc8 Kxc8 29. Kf2 Kd7 30. Kg3 f5 31. Kf4 Kd6 32. Ke3 Kd5 33. b3 b5 34. h5 Kc6
35. Kd3 Kd5 1/2-1/2

[Event "OLOA 1920 FVS ASP Hoyerswerda - SG 1871"]
[Site "?"]
[Date "2020.03.01"]
[Round "9.2"]
[White "Orsag, Milan"]
[Black "Niegsch, Nicolas"]
[Result "0-1"]
[WhiteElo "2294"]
[BlackElo "2286"]
[PlyCount "50"]
[EventDate "2020.??.??"]
[EventType "team-tourn"]

1. d4 Nf6 2. c4 c5 3. d5 g6 4. Nc3 Bg7 5. e4 d6 6. Nf3 O-O 7. Be2 e6 8. O-O Re8
9. Nd2 Na6 10. f4 exd5 11. cxd5 c4 12. Kh1 Nc5 13. e5 dxe5 14. fxe5 Rxe5 15.
Nxc4 Rf5 16. Bf4 g5 17. Be5 b5 18. Rxf5 Bxf5 19. Ne3 Bg6 20. Bd4 b4 21. Nb1
Nce4 22. Kg1 Nxd5 23. Nc4 Nf4 24. Bxg7 Kxg7 25. Bf3 Qf6 0-1

[Event "OLOA 1920 FVS ASP Hoyerswerda - SG 1871"]
[Site "?"]
[Date "2020.03.01"]
[Round "9.3"]
[White "Reizniece-Ozola, Dana"]
[Black "Spivak, Ilya"]
[Result "1-0"]
[WhiteElo "2304"]
[BlackElo "2305"]
[PlyCount "45"]
[EventDate "2020.??.??"]
[EventType "team-tourn"]

{[%evp 0,39,18,-21,-28,-48,-51,-51,-38,-54,-54,-55,-39,-10,-6,-15,25,4,27,9,9,
28,28,13,39,39,52,57,51,43,46,56,81,11,31,29,42,64,116,130,146,128]} 1. c4 e5
2. g3 Nf6 3. Bg2 d5 4. cxd5 Nxd5 5. Nf3 Nc6 6. O-O Nb6 7. b3 Be7 8. Bb2 Bf6 9.
Nc3 e4 10. Ne1 Bf5 11. d3 exd3 12. e4 Bc8 13. Nxd3 O-O 14. Re1 Bd4 15. Qc2 a6
16. Rad1 Bg4 17. Rd2 Qg5 18. Nd5 Bxb2 19. Qxb2 Rac8 20. f4 Qh6 21. Nf2 Be6 22.
Nxb6 cxb6 23. f5 1-0

[Event "OLOA 1920 FVS ASP Hoyerswerda - SG 1871"]
[Site "?"]
[Date "2020.03.01"]
[Round "9.4"]
[White "Jahnel, Guenther"]
[Black "Schuetze, Norman"]
[Result "0-1"]
[WhiteElo "2186"]
[BlackElo "2296"]
[PlyCount "90"]
[EventDate "2020.??.??"]
[EventType "team-tourn"]

1. d4 Nf6 2. c4 e6 3. Nc3 Bb4 4. Nf3 d5 5. Bg5 dxc4 6. e3 b5 7. a4 c6 8. Be2
Bb7 9. O-O a6 10. Ne5 Nbd7 11. f4 Qb6 12. Bf3 O-O 13. Ne4 Nxe5 14. fxe5 Nxe4
15. Bxe4 c5 16. Bxh7+ Kxh7 17. Qh5+ Kg8 18. Rf4 Qc6 19. e4 Qxe4 20. Rxe4 Bxe4
21. Qh4 Bg6 22. Be7 Rfc8 23. Rf1 c3 24. bxc3 Bxc3 25. Bxc5 bxa4 26. Qg3 Bb2 27.
h4 a3 28. Bxa3 Bxd4+ 29. Kh2 Rc3 30. Qf4 Be3 31. Qb4 Rac8 32. Rf3 R8c4 33. Rxe3
Rxb4 34. Rxc3 Rxh4+ 35. Kg3 Ra4 36. Bd6 Be4 37. Rc8+ Kh7 38. Kh3 Bf5+ 39. Kg3
Be4 40. Rc1 Ra2 41. Rg1 f5 42. Be7 Kg6 43. Kh3 Kf7 44. Bg5 Kg6 45. Be7 Kh5 0-1

[Event "OLOA 1920 FVS ASP Hoyerswerda - SG 1871"]
[Site "?"]
[Date "2020.03.01"]
[Round "9.5"]
[White "Mertens, Fridolin"]
[Black "Kesik, Klaus-Dieter"]
[Result "1/2-1/2"]
[WhiteElo "2142"]
[BlackElo "2217"]
[PlyCount "50"]
[EventDate "2020.??.??"]
[EventType "team-tourn"]

{[%evp 0,50,20,18,71,74,88,74,114,64,43,57,49,45,21,-8,-14,-4,18,2,38,8,8,15,
14,1,0,-23,0,-17,24,16,23,34,49,28,45,-96,21,2,-1,-1,-1,-1,-6,-6,83,67,67,39,
71,22,57]} 1. e4 c6 2. d4 d5 3. e5 c5 4. dxc5 e6 5. Be3 Nc6 6. Bb5 Nge7 7. c3
Nf5 8. Bd4 Be7 9. Nf3 O-O 10. O-O Bd7 11. Bd3 Nfxd4 12. cxd4 b6 13. cxb6 Qxb6
14. b3 Nb4 15. Nc3 Rac8 16. Rc1 Qa5 17. Bb1 Rc7 18. a3 Qxa3 19. Nxd5 Nxd5 20.
Rxc7 Nxc7 21. Qc2 g6 22. Qxc7 Rd8 23. Be4 Bb5 24. Rb1 a6 25. Qc3 Qb4 1/2-1/2

[Event "OLOA 1920 FVS ASP Hoyerswerda - SG 1871"]
[Site "?"]
[Date "2020.03.01"]
[Round "9.6"]
[White "Boehm, Robert"]
[Black "Otikova, Elina"]
[Result "1/2-1/2"]
[WhiteElo "2161"]
[BlackElo "2090"]
[PlyCount "56"]
[EventDate "2020.??.??"]
[EventType "team-tourn"]

{[%evp 0,45,30,22,23,20,32,-23,0,-32,-19,-27,-7,8,36,-32,-29,-38,-19,-21,-1,-3,
-15,-19,-8,-15,-15,-25,-25,-37,-34,-30,-29,-23,-26,-29,-29,-44,-36,-49,-32,-32,
-31,-47,-47,-39,-34,-34]} 1. d4 d5 2. Nf3 Nf6 3. c4 e6 4. g3 dxc4 5. Qa4+ Nbd7
6. Bg2 a6 7. Qxc4 b5 8. Qc6 Rb8 9. Bf4 Nd5 10. Bg5 Be7 11. Bxe7 Qxe7 12. Nc3
Nb4 13. Qe4 Bb7 14. Qb1 c5 15. dxc5 Nxc5 16. O-O O-O 17. a3 Nd5 18. Nxd5 Bxd5
19. b4 Ne4 20. Qb2 Nd6 21. Ne5 Bxg2 22. Kxg2 f6 23. Nd3 Nc4 24. Qa2 Rfd8 25.
Rfd1 Rd6 26. Nb2 Nxb2 27. Rxd6 Qxd6 28. Qxb2 Rd8 1/2-1/2

[Event "OLOA 1920 FVS ASP Hoyerswerda - SG 1871"]
[Site "?"]
[Date "2020.03.01"]
[Round "9.7"]
[White "Boehm, Christian"]
[Black "Grohmann, Alexander"]
[Result "1/2-1/2"]
[WhiteElo "2074"]
[BlackElo "1975"]
[PlyCount "28"]
[EventDate "2020.??.??"]
[EventType "team-tourn"]

{[%evp 0,28,14,30,20,-11,4,-23,14,16,8,2,27,-10,-5,-11,21,-20,0,4,8,-5,-9,-11,
6,-28,-32,-82,-36,-39,-13]} 1. Nf3 d5 2. g3 Nf6 3. Bg2 e6 4. O-O Be7 5. d3 b6
6. Nbd2 Bb7 7. e4 dxe4 8. dxe4 O-O 9. e5 Nfd7 10. Re1 a5 11. Qe2 Nc5 12. Qc4
Nc6 13. Qg4 Nb4 14. Nc4 Kh8 1/2-1/2

[Event "OLOA 1920 FVS ASP Hoyerswerda - SG 1871"]
[Site "?"]
[Date "2020.03.01"]
[Round "9.8"]
[White "Heyme, Sibylle"]
[Black "Schindler, Christian"]
[Result "1/2-1/2"]
[WhiteElo "2033"]
[BlackElo "2186"]
[PlyCount "81"]
[EventDate "2020.??.??"]
[EventType "team-tourn"]

{[%evp 0,34,24,24,47,34,30,39,49,-25,-18,-38,24,-11,24,22,16,-2,13,1,24,-1,43,
-7,-5,-7,-18,-26,-6,-23,-19,-22,-22,-22,-15,-14,-13]} 1. e4 e6 2. d4 d5 3. Nd2
Nf6 4. exd5 exd5 5. Bd3 Bg4 6. f3 Bh5 7. Ne2 Bd6 8. Nb3 Bg6 9. Bg5 c6 10. Qd2
a5 11. a4 Nbd7 12. O-O Bxd3 13. Qxd3 O-O 14. Rae1 Qc7 15. g3 Rfe8 16. Bf4 Re7
17. Bxd6 Qxd6 18. Nc3 b6 19. Rxe7 Qxe7 20. Rf2 Ne8 21. Nc1 Nd6 22. b3 Qg5 23.
N1e2 Qf5 24. Qxf5 Nxf5 25. g4 Nh4 26. Nf4 Re8 27. Ng2 Nxg2 28. Kxg2 Re3 29. Nd1
Re1 30. Nc3 Rc1 31. Rd2 Nb8 32. Kf2 Na6 33. Nd1 Kf8 34. Ke2 Rb1 35. Nc3 Rh1 36.
Ke3 Ke7 37. Nd1 Kd6 38. Nf2 Re1+ 39. Re2 Rb1 40. Nd3 Rh1 41. Ne1 1/2-1/2

[Event "OLOA 1920 Nickelhütte Aue II - USV Hal"]
[Site "?"]
[Date "2020.03.01"]
[Round "9.1"]
[White "Becker, Michael"]
[Black "Pulpan, Jakub"]
[Result "1/2-1/2"]
[WhiteElo "2280"]
[BlackElo "2405"]
[PlyCount "134"]
[EventDate "2020.??.??"]
[EventType "team-tourn"]

{[%evp 0,111,19,31,72,53,100,77,77,67,67,62,77,19,13,8,8,-4,61,26,7,-17,-12,
-11,-11,-34,-40,-40,-32,-40,-9,4,4,-16,-16,-19,-13,-13,8,9,11,5,13,-3,95,59,52,
76,79,104,105,74,74,83,85,89,78,75,80,81,73,72,77,69,82,82,85,72,64,85,96,87,
104,92,76,80,77,77,77,77,76,51,52,48,70,75,70,70,70,70,70,70,70,80,53,46,70,66,
76,54,76,54,54,100,87,46,90,46,54,89,74,88,76,59]} 1. e4 c5 2. Nf3 d6 3. d4
cxd4 4. Nxd4 Nf6 5. Nc3 a6 6. g3 e5 7. Nf3 Be7 8. Bg2 b5 9. O-O Bb7 10. Bg5
Nbd7 11. Nh4 b4 12. Na4 h6 13. Bxf6 Nxf6 14. Nf5 O-O 15. Re1 Bc8 16. c4 bxc3
17. Nxc3 Bxf5 18. exf5 Rb8 19. b3 Rb4 20. Qe2 Qa5 21. Red1 e4 22. Nxe4 Nxe4 23.
Bxe4 Bf6 24. Rd5 Qb6 25. Re1 Re8 26. Qd3 Rd4 27. Rxd4 Qxd4 28. Qxd4 Bxd4 29.
Kf1 Re5 30. Bd3 a5 31. f4 Rxe1+ 32. Kxe1 Kf8 33. Bc4 Ke7 34. Ke2 f6 35. g4 Bg1
36. h4 Kd7 37. Bd5 Kc7 38. Kd3 Bf2 39. h5 Kb6 40. Kc4 Be3 41. b4 axb4 42. Kxb4
Bxf4 43. Kc4 Be3 44. Bf3 Bg5 45. Bd1 Be3 46. Kd5 Bf4 47. Be2 Kc7 48. Bb5 Kb6
49. a4 Bg3 50. Be2 Bf4 51. Bd3 Ka5 52. Bc2 Kb6 53. Bd1 Be5 54. Be2 Ka5 55. Bb5
Kb6 56. Be8 Bf4 57. Ke6 Ka5 58. Bb5 Kb6 59. Be2 Ka5 60. Bd1 Kb6 61. Kf7 d5 62.
Kxg7 Bg5 63. Kf7 d4 64. Ke6 d3 65. Kd5 d2 66. Kc4 Bf4 67. Kb4 Bd6+ 1/2-1/2

[Event "OLOA 1920 Nickelhütte Aue II - USV Hal"]
[Site "?"]
[Date "2020.03.01"]
[Round "9.3"]
[White "Hoepfl, Thomas"]
[Black "Jurasek, Miroslav"]
[Result "1/2-1/2"]
[WhiteElo "2253"]
[BlackElo "2229"]
[PlyCount "100"]
[EventDate "2020.??.??"]
[EventType "team-tourn"]

{[%evp 0,24,24,24,24,24,24,14,15,12,3,7,4,-12,0,6,-1,-1,-1,-55,-33,-13,2,6,36,
35,41]} 1. e4 e5 2. Nf3 Nc6 3. Bb5 a6 4. Ba4 Nf6 5. O-O Be7 6. Re1 b5 7. Bb3
O-O 8. d4 d6 9. c3 Bg4 10. Be3 Na5 11. dxe5 Bxf3 12. Qxf3 dxe5 13. Bc2 Nc4 14.
Bc1 Qc8 15. b3 Nb6 16. h3 c5 17. Nd2 c4 18. Nf1 Re8 19. Ng3 g6 20. Bh6 Kh8 21.
a4 Qe6 22. b4 bxa4 23. Be3 a5 24. Bxb6 Qxb6 25. Bxa4 Red8 26. bxa5 Rxa5 27.
Rab1 Qa6 28. Bc2 Ra2 29. Re2 Kg7 30. Rd1 Qa5 31. Rxd8 Qxd8 32. Nf1 Bc5 33. Rd2
Qb6 34. Bd1 Qb1 35. Rxa2 Qxa2 36. Ng3 Qb1 37. Kh2 Bxf2 38. Qxf2 Qxd1 39. Qc5 h5
40. Qxc4 h4 41. Ne2 Qc2 42. Ng1 Nxe4 43. Qd5 f6 44. c4 Nd2 45. Qd7+ Kh6 46. Qd8
Nf1+ 47. Kh1 Ng3+ 48. Kh2 Nf1+ 49. Kh1 Ng3+ 50. Kh2 Nf1+ 1/2-1/2

[Event "OLOA 1920 Nickelhütte Aue II - USV Hal"]
[Site "?"]
[Date "2020.03.01"]
[Round "9.5"]
[White "Schulte, Felix"]
[Black "Heinz, Juergen"]
[Result "1-0"]
[WhiteElo "2165"]
[BlackElo "2178"]
[PlyCount "67"]
[EventDate "2020.??.??"]
[EventType "team-tourn"]

{[%evp 0,21,18,15,37,-11,0,-17,4,-40,-15,-70,-68,-68,-30,-45,-9,18,23,35,40,44,
50,46]} 1. d4 Nf6 2. c4 e6 3. Nc3 d5 4. Bg5 Bb4 5. Qa4+ Nc6 6. e3 O-O 7. a3 Be7
8. Nf3 Bd7 9. Qc2 dxc4 10. Bxc4 h6 11. Bh4 Rc8 12. O-O Nd5 13. Bxe7 Ncxe7 14.
Ne4 b6 15. Rac1 f5 16. Nc3 Nxc3 17. Qxc3 c6 18. Ne5 Nd5 19. Qb3 b5 20. Be2 Be8
21. Rc5 Qd6 22. Rfc1 f4 23. Bf3 fxe3 24. fxe3 Ne7 25. Qc2 Nf5 26. Qe4 Qe7 27.
Nxc6 Bxc6 28. Rxc6 Rce8 29. Bh5 Qg5 30. Bxe8 Nxe3 31. Rc8 Nc4 32. Qxe6+ Kh8 33.
Re1 Qf4 34. Bf7 1-0

[Event "OLOA 1920 Nickelhütte Aue II - USV Hal"]
[Site "?"]
[Date "2020.03.01"]
[Round "9.6"]
[White "Bulockin, Martin"]
[Black "Luther, Juergen"]
[Result "1-0"]
[WhiteElo "2218"]
[BlackElo "2130"]
[PlyCount "99"]
[EventDate "2020.??.??"]
[EventType "team-tourn"]

{[%evp 0,38,30,16,49,41,42,43,43,39,56,49,50,31,27,27,27,-18,18,-3,0,-29,-21,
-47,13,-15,-9,2,2,2,2,12,31,-9,391,181,163,182,178,174,140]} 1. e4 e6 2. d4 d5
3. Nd2 Nc6 4. Ngf3 Nf6 5. e5 Nd7 6. c3 f6 7. exf6 Qxf6 8. Be2 Bd6 9. Nf1 O-O
10. Be3 Nb6 11. Ng3 h6 12. Bd3 e5 13. dxe5 Nxe5 14. Nxe5 Bxe5 15. O-O Be6 16.
Bc2 Kh8 17. Qd3 Bg8 18. f4 Bd6 19. Bd4 Qf7 20. Nf5 Qxf5 21. Qxf5 Rxf5 22. Bxf5
Nc4 23. b3 c5 24. Bf2 Rf8 25. bxc4 Rxf5 26. Rfd1 Bxf4 27. Bxc5 dxc4 28. Bxa7
Be5 29. Rac1 Rf8 30. Bd4 Bxd4+ 31. Rxd4 Ra8 32. Rd2 Bh7 33. Kf2 Bd3 34. Ke3 Rd8
35. a4 Rd5 36. Rb2 Rd7 37. a5 Kg8 38. Ra1 Bf5 39. Rd2 Bd3 40. Ra4 Re7+ 41. Kd4
Re1 42. Rb2 Re4+ 43. Kc5 Re7 44. Kd6 Kf7 45. Rab4 Re6+ 46. Kc7 Ra6 47. Rxb7 Be4
48. Kb8+ Bxb7 49. Rxb7+ Ke8 50. Rb5 1-0

[Event "OLOA 1920 Nickelhütte Aue II - USV Hal"]
[Site "?"]
[Date "2020.03.01"]
[Round "9.7"]
[White "Groeger, Stefan"]
[Black "Poessel, Christian"]
[Result "1/2-1/2"]
[WhiteElo "2110"]
[BlackElo "1998"]
[PlyCount "68"]
[EventDate "2020.??.??"]
[EventType "team-tourn"]

1. d4 Nf6 2. c4 e6 3. Nf3 b6 4. Nc3 Bb4 5. Bg5 h6 6. Bxf6 Bxc3+ 7. bxc3 Qxf6 8.
e3 O-O 9. Bd3 Bb7 10. O-O d6 11. Qe2 e5 12. Nd2 Re8 13. f3 Nd7 14. Qf2 Qe7 15.
Rae1 Nf6 16. Re2 g6 17. Qh4 Kg7 18. Ne4 Nh5 19. Qxe7 Rxe7 20. g4 Nf6 21. Nxf6
Kxf6 22. Kf2 c5 23. d5 Bc8 24. Kg3 Kg7 25. e4 a6 26. Rb1 Rb7 27. Reb2 Rab8 28.
a4 Kf6 29. h4 Ke7 30. g5 h5 31. f4 exf4+ 32. Kxf4 f6 33. Rg2 Bg4 34. Rgb2 Bc8
1/2-1/2